000 00624nam a2200277Ia 4500
005 20260324150629.0
008 008 260324s9999 xx 000 0 eng d
020 _a9780203786178
037 _aEBOOK
040 _aCRL
040 _beng
040 _cCRL
041 _2eng
041 _aeng
084 _qCRL
100 _aJohn Lewis
_91227068
245 0 _aMarxism and the Open Mind
260 _bTaylor and Francis
260 _c1957
365 _a
365 _b170
856 _uhttp://www.taylorfrancis.com/books/9780203786178
942 _cEBOOK
999 _c1836869
_d1836869